[Event "DEM U10w 2025"]
[Site "Willingen GER"]
[Date "2025.06.14"]
[Round "9"]
[White "Gubler, Miriam"]
[Black "Bashirova, Sona"]
[Result "1/2-1/2"]
[Termination "normal"]
[Board "1"]
[WhiteElo "1188"]
[BlackElo "1639"]
[WhiteClock "00:54:52"]
[BlackClock "00:28:38"]
[PlyCount "108"]
[WhiteFideId "533043809"]
[BlackFideId "34664033"]
[EventCountry "GER"]
[EventRounds "9"]
[EventType "swiss"]
[EventDate "2025.06.07"]

1. e4 {[%clk 01:30:56]} {[%emt 00:00:03]} c6 {[%clk 01:30:56]} {[%emt
00:00:05]} 2. d4 {[%clk 01:31:20]} {[%emt 00:00:06]} d5 {[%clk 01:31:22]}
{[%emt 00:00:04]} 3. e5 {[%clk 01:31:44]} {[%emt 00:00:06]} c5 {[%clk
01:31:47]} {[%emt 00:00:05]} 4. dxc5 {[%clk 01:32:07]} {[%emt 00:00:06]} Nc6
{[%clk 01:32:14]} {[%emt 00:00:04]} 5. Nf3 {[%clk 01:32:29]} {[%emt 00:00:08]}
Bg4 {[%clk 01:32:38]} {[%emt 00:00:07]} 6. c3 {[%clk 01:32:37]} {[%emt
00:00:21]} e6 {[%clk 01:32:58]} {[%emt 00:00:10]} 7. Be3 {[%clk 01:32:56]}
{[%emt 00:00:11]} a6 {[%clk 01:33:19]} {[%emt 00:00:10]} 8. Nbd2 {[%clk
01:32:50]} {[%emt 00:00:35]} Nxe5 {[%clk 01:33:22]} {[%emt 00:00:27]} 9. Qa4+
{[%clk 01:29:51]} {[%emt 00:03:29]} Qd7 {[%clk 01:33:34]} {[%emt 00:00:18]} 10.
Qxd7+ {[%clk 01:30:08]} {[%emt 00:00:13]} Nxd7 {[%clk 01:33:03]} {[%emt
00:01:02]} 11. b4 {[%clk 01:29:47]} {[%emt 00:00:50]} Be7 {[%clk 01:31:03]}
{[%emt 00:02:29]} 12. Be2 {[%clk 01:26:08]} {[%emt 00:04:09]} Bf6 {[%clk
01:26:17]} {[%emt 00:05:17]} 13. Rc1 {[%clk 01:24:48]} {[%emt 00:01:50]} Rc8
{[%clk 01:16:53]} {[%emt 00:09:55]} 14. Nb3 {[%clk 01:18:05]} {[%emt 00:07:12]}
h6 {[%clk 01:07:42]} {[%emt 00:09:41]} 15. Nfd4 {[%clk 01:11:55]} {[%emt
00:06:40]} Bxe2 {[%clk 01:06:23]} {[%emt 00:01:49]} 16. Nxe2 {[%clk 01:11:42]}
{[%emt 00:00:43]} Ne7 {[%clk 00:59:39]} {[%emt 00:07:14]} 17. O-O {[%clk
01:11:21]} {[%emt 00:00:51]} O-O {[%clk 00:56:52]} {[%emt 00:03:18]} 18. Rfd1
{[%clk 01:09:46]} {[%emt 00:02:05]} Ne5 {[%clk 00:52:54]} {[%emt 00:04:27]} 19.
Nd2 {[%clk 01:01:31]} {[%emt 00:08:44]} N7c6 {[%clk 00:38:57]} {[%emt
00:14:29]} 20. h3 {[%clk 00:56:43]} {[%emt 00:05:17]} Bd8 {[%clk 00:34:17]}
{[%emt 00:05:08]} 21. Nd4 {[%clk 00:52:40]} {[%emt 00:04:35]} b6 {[%clk
00:28:30]} {[%emt 00:06:18]} 22. cxb6 {[%clk 00:51:37]} {[%emt 00:01:32]} Bxb6
{[%clk 00:24:52]} {[%emt 00:04:08]} 23. Nxc6 {[%clk 00:51:25]} {[%emt
00:00:42]} Rxc6 {[%clk 00:24:54]} {[%emt 00:00:28]} 24. Bxb6 {[%clk 00:51:31]}
{[%emt 00:00:24]} Rxb6 {[%clk 00:24:49]} {[%emt 00:00:35]} 25. a3 {[%clk
00:50:30]} {[%emt 00:01:31]} Rc6 {[%clk 00:22:39]} {[%emt 00:02:40]} 26. Rc2
{[%clk 00:49:00]} {[%emt 00:02:00]} Rfc8 {[%clk 00:21:58]} {[%emt 00:01:11]}
27. Nb1 {[%clk 00:47:28]} {[%emt 00:02:02]} Nc4 {[%clk 00:18:10]} {[%emt
00:04:18]} 28. Rd3 {[%clk 00:45:37]} {[%emt 00:02:21]} Nb6 {[%clk 00:15:34]}
{[%emt 00:03:07]} 29. Kf1 {[%clk 00:41:09]} {[%emt 00:04:57]} Kf8 {[%clk
00:14:55]} {[%emt 00:01:09]} 30. Ke2 {[%clk 00:41:09]} {[%emt 00:00:29]} e5
{[%clk 00:13:59]} {[%emt 00:01:27]} 31. f3 {[%clk 00:40:24]} {[%emt 00:01:15]}
Ke7 {[%clk 00:12:39]} {[%emt 00:01:51]} 32. Kd2 {[%clk 00:39:02]} {[%emt
00:01:49]} Ke6 {[%clk 00:10:25]} {[%emt 00:02:46]} 33. Ra2 {[%clk 00:37:24]}
{[%emt 00:02:08]} Na4 {[%clk 00:07:02]} {[%emt 00:03:54]} 34. Rc2 {[%clk
00:37:12]} {[%emt 00:00:41]} d4 {[%clk 00:05:28]} {[%emt 00:02:05]} 35. g3
{[%clk 00:34:49]} {[%emt 00:02:52]} g6 {[%clk 00:03:25]} {[%emt 00:02:33]} 36.
h4 {[%clk 00:32:25]} {[%emt 00:02:52]} h5 {[%clk 00:02:22]} {[%emt 00:01:35]}
37. g4 {[%clk 00:31:46]} {[%emt 00:01:09]} f6 {[%clk 00:02:31]} {[%emt
00:00:21]} 38. gxh5 {[%clk 00:31:00]} {[%emt 00:01:16]} gxh5 {[%clk 00:02:53]}
{[%emt 00:00:09]} 39. f4 {[%clk 00:30:36]} {[%emt 00:00:53]} Ke7 {[%clk
00:01:00]} {[%emt 00:02:23]} 40. f5 {[%clk 00:30:06]} {[%emt 00:01:00]} dxc3+
{[%clk 00:00:51]} {[%emt 00:00:39]} 41. Nxc3 {[%clk 00:30:12]} {[%emt
00:00:23]} Nb6 {[%clk 00:00:35]} {[%emt 00:00:47]} 42. Nd5+ {[%clk 00:28:24]}
{[%emt 00:02:18]} Nxd5 {[%clk 00:00:56]} {[%emt 00:00:10]} 43. Rxc6 {[%clk
00:28:45]} {[%emt 00:00:08]} Rxc6 {[%clk 00:01:16]} {[%emt 00:00:09]} 44. Rxd5
{[%clk 00:29:11]} {[%emt 00:00:04]} Rd6 {[%clk 00:00:34]} {[%emt 00:01:13]} 45.
Rxd6 {[%clk 00:29:04]} {[%emt 00:00:36]} Kxd6 {[%clk 00:01:01]} {[%emt
00:00:04]} 46. Kd3 {[%clk 00:28:19]} {[%emt 00:01:15]} Kd5 {[%clk 00:00:45]}
{[%emt 00:00:47]} 47. a4 {[%clk 00:27:04]} {[%emt 00:01:45]} Kc6 {[%clk
00:00:37]} {[%emt 00:00:37]} 48. Ke4 {[%clk 00:25:39]} {[%emt 00:01:55]} Kd6
{[%clk 00:30:16]} {[%emt 00:00:50]} 49. Ke3 {[%clk 00:55:27]} {[%emt 00:00:43]}
Kd5 {[%clk 00:28:57]} {[%emt 00:01:50]} 50. Kd3 {[%clk 00:54:41]} {[%emt
00:01:15]} Kd6 {[%clk 00:28:59]} {[%emt 00:00:28]} 51. Ke4 {[%clk 00:54:29]}
{[%emt 00:00:41]} Kc6 {[%clk 00:28:59]} {[%emt 00:00:31]} 52. Ke3 {[%clk
00:54:22]} {[%emt 00:00:36]} Kd5 {[%clk 00:28:35]} {[%emt 00:00:55]} 53. Kd3
{[%clk 00:54:40]} {[%emt 00:00:09]} Kd6 {[%clk 00:28:14]} {[%emt 00:00:54]} 54.
Ke4 {[%clk 00:54:52]} {[%emt 00:00:17]} Kc6 {[%clk 00:28:38]} 1/2-1/2

[Event "DEM U10w 2025"]
[Site "Willingen GER"]
[Date "2025.06.14"]
[Round "9"]
[White "Xu, Dorothea Sicheng"]
[Black "Elsayed Esam, Sally"]
[Result "1-0"]
[Termination "normal"]
[Board "2"]
[WhiteElo "1484"]
[BlackElo "1623"]
[WhiteClock "00:02:39"]
[BlackClock "00:01:11"]
[PlyCount "55"]
[WhiteFideId "34667539"]
[BlackFideId "34662170"]
[EventCountry "GER"]
[EventRounds "9"]
[EventType "swiss"]
[EventDate "2025.06.07"]

1. e4 {[%clk 01:30:58]} {[%emt 00:00:01]} c6 {[%clk 01:30:40]} {[%emt
00:00:21]} 2. Nf3 {[%clk 01:31:21]} {[%emt 00:00:07]} d5 {[%clk 01:31:01]}
{[%emt 00:00:08]} 3. exd5 {[%clk 01:31:45]} {[%emt 00:00:07]} cxd5 {[%clk
01:31:07]} {[%emt 00:00:24]} 4. Ne5 {[%clk 01:32:07]} {[%emt 00:00:07]} Nf6
{[%clk 01:24:00]} {[%emt 00:07:37]} 5. d4 {[%clk 01:28:23]} {[%emt 00:04:14]}
Bf5 {[%clk 01:16:32]} {[%emt 00:07:59]} 6. c3 {[%clk 01:22:57]} {[%emt
00:05:56]} a6 {[%clk 01:13:32]} {[%emt 00:03:30]} 7. Bd3 {[%clk 01:18:37]}
{[%emt 00:04:49]} Bxd3 {[%clk 01:12:28]} {[%emt 00:01:34]} 8. Qxd3 {[%clk
01:17:55]} {[%emt 00:01:12]} Nbd7 {[%clk 01:08:40]} {[%emt 00:04:19]} 9. f4
{[%clk 01:14:07]} {[%emt 00:04:18]} Ne4 {[%clk 01:02:52]} {[%emt 00:06:17]} 10.
Nd2 {[%clk 01:08:36]} {[%emt 00:06:01]} f5 {[%clk 01:00:34]} {[%emt 00:02:49]}
11. Qf3 {[%clk 01:00:53]} {[%emt 00:08:12]} g6 {[%clk 00:55:32]} {[%emt
00:05:32]} 12. O-O {[%clk 00:57:00]} {[%emt 00:04:24]} Nxe5 {[%clk 00:49:17]}
{[%emt 00:06:43]} 13. fxe5 {[%clk 00:51:11]} {[%emt 00:06:20]} Bg7 {[%clk
00:47:15]} {[%emt 00:02:32]} 14. Nxe4 {[%clk 00:45:01]} {[%emt 00:06:40]} dxe4
{[%clk 00:46:48]} {[%emt 00:00:56]} 15. Qe2 {[%clk 00:41:30]} {[%emt 00:04:03]}
b5 {[%clk 00:42:15]} {[%emt 00:05:03]} 16. g4 {[%clk 00:40:09]} {[%emt
00:01:51]} e6 {[%clk 00:36:40]} {[%emt 00:06:04]} 17. Qe1 {[%clk 00:31:43]}
{[%emt 00:08:56]} Rg8 {[%clk 00:27:03]} {[%emt 00:10:07]} 18. h4 {[%clk
00:25:46]} {[%emt 00:06:27]} Bh8 {[%clk 00:20:35]} {[%emt 00:06:58]} 19. Bg5
{[%clk 00:19:13]} {[%emt 00:07:04]} Qd5 {[%clk 00:15:56]} {[%emt 00:05:08]} 20.
Qf2 {[%clk 00:15:57]} {[%emt 00:03:46]} Bg7 {[%clk 00:13:43]} {[%emt 00:02:42]}
21. h5 {[%clk 00:14:25]} {[%emt 00:02:03]} gxh5 {[%clk 00:07:49]} {[%emt
00:06:24]} 22. gxf5 {[%clk 00:13:28]} {[%emt 00:01:28]} Bh6 {[%clk 00:07:17]}
{[%emt 00:01:01]} 23. f6 {[%clk 00:08:08]} {[%emt 00:05:51]} Rxg5+ {[%clk
00:07:36]} {[%emt 00:00:09]} 24. Kh2 {[%clk 00:07:29]} {[%emt 00:01:09]} Kf7
{[%clk 00:07:23]} {[%emt 00:00:44]} 25. Qh4 {[%clk 00:06:20]} {[%emt 00:01:39]}
Qc4 {[%clk 00:05:33]} {[%emt 00:02:20]} 26. Qxe4 {[%clk 00:05:30]} {[%emt
00:01:21]} Rh8 {[%clk 00:01:36]} {[%emt 00:04:27]} 27. Qb7+ {[%clk 00:04:16]}
{[%emt 00:01:44]} Kg6 {[%clk 00:01:11]} {[%emt 00:00:55]} 28. Rg1 {[%clk
00:02:39]} {[%emt 00:02:07]} 1-0

[Event "DEM U10w 2025"]
[Site "Willingen GER"]
[Date "2025.06.14"]
[Round "9"]
[White "Vignesh, Sara"]
[Black "Giss, Annika"]
[Result "1/2-1/2"]
[Termination "normal"]
[Board "3"]
[WhiteElo "1604"]
[BlackElo "1520"]
[WhiteClock "00:45:50"]
[BlackClock "00:45:27"]
[PlyCount "70"]
[WhiteFideId "34674756"]
[BlackFideId "34673148"]
[EventCountry "GER"]
[EventRounds "9"]
[EventType "swiss"]
[EventDate "2025.06.07"]

1. d4 {[%clk 01:30:59]} d5 {[%clk 01:30:54]} {[%emt 00:00:07]} 2. c4 {[%clk
01:31:26]} {[%emt 00:00:03]} e6 {[%clk 01:31:18]} {[%emt 00:00:05]} 3. Nc3
{[%clk 01:31:54]} {[%emt 00:00:02]} c6 {[%clk 01:31:43]} {[%emt 00:00:06]} 4.
cxd5 {[%clk 01:32:21]} {[%emt 00:00:03]} exd5 {[%clk 01:32:01]} {[%emt
00:00:11]} 5. Bf4 {[%clk 01:32:23]} {[%emt 00:00:29]} Bd6 {[%clk 01:32:24]}
{[%emt 00:00:07]} 6. Bxd6 {[%clk 01:32:38]} {[%emt 00:00:14]} Qxd6 {[%clk
01:32:47]} {[%emt 00:00:07]} 7. e3 {[%clk 01:33:03]} {[%emt 00:00:06]} Bf5
{[%clk 01:33:02]} {[%emt 00:00:14]} 8. Bd3 {[%clk 01:31:51]} {[%emt 00:01:43]}
Bxd3 {[%clk 01:33:09]} {[%emt 00:00:22]} 9. Qxd3 {[%clk 01:32:17]} {[%emt
00:00:05]} Ne7 {[%clk 01:33:12]} {[%emt 00:00:27]} 10. Nge2 {[%clk 01:32:11]}
{[%emt 00:00:35]} Nd7 {[%clk 01:33:27]} {[%emt 00:00:14]} 11. Rc1 {[%clk
01:31:17]} {[%emt 00:01:25]} O-O {[%clk 01:33:31]} {[%emt 00:00:26]} 12. O-O
{[%clk 01:31:37]} {[%emt 00:00:10]} Rfe8 {[%clk 01:33:30]} {[%emt 00:00:32]}
13. f3 {[%clk 01:31:04]} {[%emt 00:01:03]} Nb6 {[%clk 01:24:54]} {[%emt
00:09:05]} 14. e4 {[%clk 01:28:37]} {[%emt 00:02:57]} Rad8 {[%clk 01:13:27]}
{[%emt 00:11:57]} 15. e5 {[%clk 01:16:47]} {[%emt 00:12:21]} Qe6 {[%clk
01:10:37]} {[%emt 00:03:20]} 16. f4 {[%clk 01:12:25]} {[%emt 00:04:51]} Qf5
{[%clk 01:08:24]} {[%emt 00:02:43]} 17. Rf3 {[%clk 01:05:23]} {[%emt 00:07:32]}
Qxd3 {[%clk 01:02:46]} {[%emt 00:06:08]} 18. Rxd3 {[%clk 01:03:26]} {[%emt
00:02:26]} Nd7 {[%clk 01:01:29]} {[%emt 00:01:47]} 19. Rf1 {[%clk 01:01:57]}
{[%emt 00:01:59]} c5 {[%clk 00:59:01]} {[%emt 00:03:00]} 20. dxc5 {[%clk
00:57:58]} {[%emt 00:04:29]} Nxc5 {[%clk 00:59:23]} {[%emt 00:00:07]} 21. Rd2
{[%clk 00:58:14]} {[%emt 00:00:12]} Rd7 {[%clk 00:58:47]} {[%emt 00:01:09]} 22.
Rfd1 {[%clk 00:57:34]} {[%emt 00:01:08]} Red8 {[%clk 00:59:07]} {[%emt
00:00:11]} 23. b4 {[%clk 00:57:17]} {[%emt 00:00:47]} Ne6 {[%clk 00:59:04]}
{[%emt 00:00:33]} 24. Nb5 {[%clk 00:56:11]} {[%emt 00:01:37]} Nc7 {[%clk
00:54:13]} {[%emt 00:05:20]} 25. Nd6 {[%clk 00:55:41]} {[%emt 00:01:01]} Ne8
{[%clk 00:52:07]} {[%emt 00:02:36]} 26. Nxe8 {[%clk 00:52:43]} {[%emt
00:03:28]} Rxe8 {[%clk 00:52:29]} {[%emt 00:00:08]} 27. Rc1 {[%clk 00:52:50]}
{[%emt 00:00:22]} Red8 {[%clk 00:51:02]} {[%emt 00:01:58]} 28. Nd4 {[%clk
00:52:57]} {[%emt 00:00:22]} h6 {[%clk 00:48:03]} {[%emt 00:03:28]} 29. Rdc2
{[%clk 00:52:36]} {[%emt 00:00:52]} g5 {[%clk 00:48:01]} {[%emt 00:00:31]} 30.
e6 {[%clk 00:50:50]} {[%emt 00:02:17]} Rd6 {[%clk 00:47:23]} {[%emt 00:01:08]}
31. Rc7 {[%clk 00:50:32]} {[%emt 00:00:49]} Nc6 {[%clk 00:44:45]} {[%emt
00:03:08]} 32. Nxc6 {[%clk 00:46:26]} {[%emt 00:04:35]} bxc6 {[%clk 00:45:09]}
{[%emt 00:00:06]} 33. e7 {[%clk 00:45:50]} {[%emt 00:01:07]} Re8 {[%clk
00:45:19]} {[%emt 00:00:18]} 34. b5 {[%clk 00:45:50]} {[%emt 00:00:31]} Re6
{[%clk 00:45:37]} {[%emt 00:00:12]} 35. R1xc6 {[%emt 00:00:16]} R6xe7 {[%clk
00:45:27]} {[%emt 00:00:35]} 1/2-1/2

[Event "DEM U10w 2025"]
[Site "Willingen GER"]
[Date "2025.06.14"]
[Round "9"]
[White "Helbig, Frieda"]
[Black "Hleizer, Ahata"]
[Result "1-0"]
[Termination "normal"]
[Board "4"]
[WhiteElo "1449"]
[BlackElo "1594"]
[WhiteClock "01:08:20"]
[BlackClock "01:09:01"]
[PlyCount "71"]
[WhiteFideId "533010161"]
[BlackFideId "34643370"]
[EventCountry "GER"]
[EventRounds "9"]
[EventType "swiss"]
[EventDate "2025.06.07"]

1. d4 {[%clk 01:30:44]} {[%emt 00:00:16]} Nf6 {[%clk 01:30:43]} {[%emt
00:00:17]} 2. Bf4 {[%clk 01:31:03]} {[%emt 00:00:11]} g6 {[%clk 01:30:54]}
{[%emt 00:00:19]} 3. e3 {[%clk 01:31:15]} {[%emt 00:00:19]} Bg7 {[%clk
01:30:59]} {[%emt 00:00:24]} 4. Nf3 {[%clk 01:31:24]} {[%emt 00:00:21]} O-O
{[%clk 01:31:09]} {[%emt 00:00:20]} 5. h3 {[%clk 01:31:30]} {[%emt 00:00:24]}
d6 {[%clk 01:31:24]} {[%emt 00:00:17]} 6. Be2 {[%clk 01:31:17]} {[%emt
00:00:40]} Nc6 {[%clk 01:31:12]} {[%emt 00:00:43]} 7. O-O {[%clk 01:31:15]}
{[%emt 00:00:32]} Qe8 {[%clk 01:30:59]} {[%emt 00:00:44]} 8. c4 {[%clk
01:31:30]} {[%emt 00:00:15]} e5 {[%clk 01:30:40]} {[%emt 00:00:49]} 9. dxe5
{[%clk 01:31:46]} {[%emt 00:00:13]} dxe5 {[%clk 01:30:58]} {[%emt 00:00:13]}
10. Bh2 {[%clk 01:31:59]} {[%emt 00:00:15]} e4 {[%clk 01:28:03]} {[%emt
00:03:26]} 11. Nd4 {[%clk 01:30:40]} {[%emt 00:01:49]} Nxd4 {[%clk 01:28:04]}
{[%emt 00:00:29]} 12. exd4 {[%clk 01:30:55]} {[%emt 00:00:15]} c6 {[%clk
01:27:38]} {[%emt 00:00:57]} 13. Nc3 {[%clk 01:30:40]} {[%emt 00:00:45]} e3
{[%clk 01:26:08]} {[%emt 00:02:00]} 14. Qb3 {[%clk 01:27:36]} {[%emt 00:03:32]}
exf2+ {[%clk 01:23:28]} {[%emt 00:03:12]} 15. Rxf2 {[%clk 01:27:10]} {[%emt
00:00:55]} Qe3 {[%clk 01:22:18]} {[%emt 00:01:37]} 16. Qd1 {[%clk 01:22:07]}
{[%emt 00:05:33]} Ne4 {[%clk 01:19:35]} {[%emt 00:03:17]} 17. Nxe4 {[%clk
01:21:48]} {[%emt 00:00:48]} Qxe4 {[%clk 01:19:25]} {[%emt 00:00:40]} 18. Kh1
{[%clk 01:20:14]} {[%emt 00:02:02]} Qxd4 {[%clk 01:16:48]} {[%emt 00:03:10]}
19. Qxd4 {[%clk 01:20:02]} {[%emt 00:00:42]} Bxd4 {[%clk 01:17:11]} {[%emt
00:00:07]} 20. Rff1 {[%clk 01:20:18]} {[%emt 00:00:13]} Bxb2 {[%clk 01:17:20]}
{[%emt 00:00:22]} 21. Rab1 {[%clk 01:20:18]} {[%emt 00:00:28]} Bg7 {[%clk
01:17:24]} {[%emt 00:00:27]} 22. Rfd1 {[%clk 01:18:17]} {[%emt 00:02:27]} Re8
{[%clk 01:16:14]} {[%emt 00:01:45]} 23. Bg4 {[%clk 01:17:57]} {[%emt 00:00:45]}
Bxg4 {[%clk 01:13:54]} {[%emt 00:02:55]} 24. hxg4 {[%clk 01:14:06]} {[%emt
00:04:20]} Re7 {[%clk 01:12:37]} {[%emt 00:01:47]} 25. Rd3 {[%clk 01:09:14]}
{[%emt 00:05:19]} b6 {[%clk 01:12:10]} {[%emt 00:01:00]} 26. Rbd1 {[%clk
01:08:09]} {[%emt 00:01:32]} Re4 {[%clk 01:12:12]} {[%emt 00:00:31]} 27. Kg1
{[%clk 01:07:04]} {[%emt 00:01:33]} Rxc4 {[%clk 01:11:54]} {[%emt 00:00:51]}
28. g5 {[%clk 01:06:45]} {[%emt 00:00:46]} Ra4 {[%clk 01:10:54]} {[%emt
00:01:33]} 29. Rd8+ {[%clk 01:06:52]} {[%emt 00:00:21]} Rxd8 {[%clk 01:10:12]}
{[%emt 00:01:14]} 30. Rxd8+ {[%clk 01:07:12]} {[%emt 00:00:09]} Bf8 {[%clk
01:10:34]} {[%emt 00:00:09]} 31. Bd6 {[%clk 01:07:26]} {[%emt 00:00:13]} Rd4
{[%clk 01:10:52]} {[%emt 00:00:15]} 32. Rxf8+ {[%clk 01:07:23]} {[%emt
00:00:32]} Kg7 {[%clk 01:11:16]} {[%emt 00:00:07]} 33. Rd8 {[%clk 01:07:29]}
{[%emt 00:00:21]} Rd1+ {[%clk 01:11:14]} {[%emt 00:00:34]} 34. Kh2 {[%clk
01:07:47]} {[%emt 00:00:10]} Rf1 {[%clk 01:10:05]} {[%emt 00:01:41]} 35. Bf8+
{[%clk 01:08:01]} {[%emt 00:00:16]} Kg8 {[%clk 01:09:01]} {[%emt 00:01:35]} 36.
Bh6# {[%clk 01:08:20]} {[%emt 00:00:09]} 1-0

[Event "DEM U10w 2025"]
[Site "Willingen GER"]
[Date "2025.06.14"]
[Round "9"]
[White "Schaper, Alicia"]
[Black "Artarov, Rina"]
[Result "1/2-1/2"]
[Termination "normal"]
[Board "5"]
[WhiteElo "1473"]
[BlackElo "1282"]
[WhiteClock "00:24:41"]
[BlackClock "00:12:18"]
[PlyCount "71"]
[WhiteFideId "533012091"]
[BlackFideId "34692541"]
[EventCountry "GER"]
[EventRounds "9"]
[EventType "swiss"]
[EventDate "2025.06.07"]

1. Nf3 {[%clk 01:30:58]} {[%emt 00:00:01]} d5 {[%clk 01:30:55]} {[%emt
00:00:05]} 2. g3 {[%clk 01:31:16]} {[%emt 00:00:13]} Nf6 {[%clk 01:31:17]}
{[%emt 00:00:08]} 3. Bg2 {[%clk 01:31:30]} {[%emt 00:00:15]} c6 {[%clk
01:31:37]} {[%emt 00:00:10]} 4. O-O {[%clk 01:31:16]} {[%emt 00:00:44]} Bf5
{[%clk 01:31:31]} {[%emt 00:00:36]} 5. d3 {[%clk 01:30:53]} {[%emt 00:00:53]}
e6 {[%clk 01:31:50]} {[%emt 00:00:10]} 6. Bf4 {[%clk 01:29:17]} {[%emt
00:02:07]} Nbd7 {[%clk 01:31:52]} {[%emt 00:00:28]} 7. a3 {[%clk 01:27:27]}
{[%emt 00:02:21]} Be7 {[%clk 01:32:09]} {[%emt 00:00:13]} 8. Nc3 {[%clk
01:27:45]} {[%emt 00:00:12]} O-O {[%clk 01:32:18]} {[%emt 00:00:21]} 9. Re1
{[%clk 01:26:56]} {[%emt 00:01:18]} Nc5 {[%clk 01:24:53]} {[%emt 00:07:55]} 10.
b4 {[%clk 01:25:52]} {[%emt 00:01:34]} d4 {[%clk 01:24:50]} {[%emt 00:00:34]}
11. Na2 {[%clk 01:20:27]} {[%emt 00:05:55]} Na4 {[%clk 01:24:18]} {[%emt
00:01:01]} 12. c3 {[%clk 01:18:43]} {[%emt 00:02:14]} Nxc3 {[%clk 01:22:00]}
{[%emt 00:02:49]} 13. Nxc3 {[%clk 01:18:53]} {[%emt 00:00:19]} dxc3 {[%clk
01:22:24]} {[%emt 00:00:06]} 14. Rc1 {[%clk 01:18:28]} {[%emt 00:00:55]} a5
{[%clk 01:21:18]} {[%emt 00:01:36]} 15. Qb3 {[%clk 01:15:49]} {[%emt 00:03:09]}
axb4 {[%clk 01:16:49]} {[%emt 00:05:00]} 16. axb4 {[%clk 01:15:48]} {[%emt
00:00:31]} Qb6 {[%clk 01:16:23]} {[%emt 00:00:55]} 17. Rb1 {[%clk 01:12:05]}
{[%emt 00:04:13]} Ng4 {[%clk 01:13:22]} {[%emt 00:03:31]} 18. Rf1 {[%clk
01:09:30]} {[%emt 00:03:06]} c5 {[%clk 01:05:45]} {[%emt 00:08:07]} 19. bxc5
{[%clk 01:07:03]} {[%emt 00:02:57]} Qxb3 {[%clk 01:03:49]} {[%emt 00:02:26]}
20. Rxb3 {[%clk 01:07:18]} {[%emt 00:00:14]} Bxc5 {[%clk 01:00:28]} {[%emt
00:03:51]} 21. Rxc3 {[%clk 01:06:24]} {[%emt 00:01:24]} Rfc8 {[%clk 01:00:44]}
{[%emt 00:00:14]} 22. Rb3 {[%clk 01:04:52]} {[%emt 00:02:03]} Ra7 {[%clk
00:57:27]} {[%emt 00:03:48]} 23. h3 {[%clk 01:00:29]} {[%emt 00:04:51]} Nxf2
{[%clk 00:47:44]} {[%emt 00:10:13]} 24. d4 {[%clk 00:55:14]} {[%emt 00:05:45]}
Nxh3+ {[%clk 00:44:43]} {[%emt 00:03:31]} 25. Bxh3 {[%clk 00:50:29]} {[%emt
00:05:15]} Bxh3 {[%clk 00:45:06]} {[%emt 00:00:08]} 26. Rc1 {[%clk 00:50:25]}
{[%emt 00:00:33]} Bxd4+ {[%clk 00:45:17]} {[%emt 00:00:19]} 27. Nxd4 {[%clk
00:50:22]} {[%emt 00:00:32]} Rxc1+ {[%clk 00:45:37]} {[%emt 00:00:11]} 28. Bxc1
{[%clk 00:50:42]} {[%emt 00:00:09]} h6 {[%clk 00:40:24]} {[%emt 00:05:44]} 29.
Bb2 {[%clk 00:47:44]} {[%emt 00:03:29]} Bg4 {[%clk 00:39:11]} {[%emt 00:01:42]}
30. Kf2 {[%clk 00:46:46]} {[%emt 00:01:28]} e5 {[%clk 00:37:04]} {[%emt
00:02:37]} 31. Nb5 {[%clk 00:45:29]} {[%emt 00:01:47]} Ra2 {[%clk 00:36:01]}
{[%emt 00:01:34]} 32. Nd6 {[%clk 00:44:49]} {[%emt 00:01:09]} Ra5 {[%clk
00:18:18]} {[%emt 00:18:14]} 33. Nxb7 {[%clk 00:41:48]} {[%emt 00:03:29]} Rd5
{[%clk 00:17:52]} {[%emt 00:00:57]} 34. Bc3 {[%clk 00:31:14]} {[%emt 00:11:03]}
Be6 {[%clk 00:13:06]} {[%emt 00:05:13]} 35. Na5 {[%clk 00:29:10]} {[%emt
00:02:38]} Kh7 {[%clk 00:12:18]} {[%emt 00:01:18]} 36. Rb6 {[%clk 00:24:41]}
{[%emt 00:04:54]} 1/2-1/2

[Event "DEM U10w 2025"]
[Site "Willingen GER"]
[Date "2025.06.14"]
[Round "9"]
[White "Sigacheva, Varvara"]
[Black "Goyush, Shams"]
[Result "1/2-1/2"]
[Termination "normal"]
[Board "6"]
[WhiteElo "1453"]
[BlackElo "1132"]
[WhiteClock "00:37:36"]
[BlackClock "00:47:47"]
[PlyCount "40"]
[WhiteFideId "522079416"]
[BlackFideId "533030855"]
[EventCountry "GER"]
[EventRounds "9"]
[EventType "swiss"]
[EventDate "2025.06.07"]

1. d4 {[%clk 01:30:59]} {[%emt 00:00:02]} d5 {[%clk 01:30:54]} {[%emt
00:00:07]} 2. Bf4 {[%clk 01:31:24]} {[%emt 00:00:04]} c5 {[%clk 01:31:16]}
{[%emt 00:00:08]} 3. e3 {[%clk 01:31:13]} {[%emt 00:00:42]} cxd4 {[%clk
01:31:38]} {[%emt 00:00:07]} 4. exd4 {[%clk 01:30:18]} {[%emt 00:01:26]} Nc6
{[%clk 01:31:50]} {[%emt 00:00:17]} 5. c3 {[%clk 01:29:43]} {[%emt 00:01:05]}
Bf5 {[%clk 01:31:58]} {[%emt 00:00:22]} 6. Bd3 {[%clk 01:28:00]} {[%emt
00:02:11]} Bxd3 {[%clk 01:28:13]} {[%emt 00:04:17]} 7. Qxd3 {[%clk 01:28:20]}
{[%emt 00:00:10]} e6 {[%clk 01:27:12]} {[%emt 00:01:31]} 8. Nf3 {[%clk
01:25:59]} {[%emt 00:02:51]} Bd6 {[%clk 01:25:11]} {[%emt 00:02:31]} 9. Bxd6
{[%clk 01:25:56]} {[%emt 00:00:33]} Qxd6 {[%clk 01:25:25]} {[%emt 00:00:16]}
10. O-O {[%clk 01:24:03]} {[%emt 00:02:23]} Nf6 {[%clk 01:19:19]} {[%emt
00:06:37]} 11. Nbd2 {[%clk 01:17:12]} {[%emt 00:07:20]} O-O {[%clk 01:18:02]}
{[%emt 00:01:47]} 12. Rfe1 {[%clk 01:10:24]} {[%emt 00:07:18]} Rab8 {[%clk
01:18:12]} {[%emt 00:00:21]} 13. a4 {[%emt 00:09:48]} a6 {[%clk 01:17:18]} 14.
a5 {[%clk 00:58:08]} {[%emt 00:04:51]} Qc7 {[%clk 01:07:50]} {[%emt 00:09:57]}
15. Nb3 {[%clk 00:56:58]} {[%emt 00:01:41]} b6 {[%clk 01:05:40]} {[%emt
00:02:37]} 16. axb6 {[%clk 00:54:42]} {[%emt 00:02:48]} Rxb6 {[%clk 01:03:56]}
{[%emt 00:02:15]} 17. Nc5 {[%clk 00:50:31]} {[%emt 00:04:42]} Rxb2 {[%clk
00:56:37]} {[%emt 00:07:48]} 18. Nxa6 {[%clk 00:45:34]} {[%emt 00:05:27]} Qb6
{[%clk 00:50:39]} {[%emt 00:06:17]} 19. Nc5 {[%clk 00:41:50]} {[%emt 00:04:25]}
Qb8 {[%clk 00:48:51]} {[%emt 00:02:17]} 20. Ng5 {[%clk 00:37:36]} {[%emt
00:04:45]} Rd8 {[%clk 00:47:47]} {[%emt 00:01:34]} 1/2-1/2